[Event "2. Bundesliga West 2018/19"]
[Site "Kufstein; NMS II, Sporthalle Fischergries"]
[Date "2019.02.10"]
[Round "8"]
[Board "5"]
[White "Riedl, Johannes"]
[Black "Babinetz, Rainer"]
[Result "1-0"]
[WhiteElo "2127"]
[BlackElo "1996"]
[PlyCount "61"]
[EventDate "2018.10.12"]
[EventType "team"]
[EventRounds "11"]
[EventCountry "AUT"]
[WhiteTeam "SPG Oberland"]
[BlackTeam "Rochade Rum"]

1. Nf3 d5 2. b3 Nf6 3. e3 c6 4. Bb2 Nbd7 5. d4 e6 6. Bd3 Bb4+ 7. c3 Bd6 8. c4
O-O 9. O-O b6 10. Ne5 Bb7 11. Nd2 Rc8 12. e4 dxe4 13. Nxe4 Nxe4 14. Bxe4 Qh4
15. Qc2 Nf6 16. Bf3 Bxe5 17. dxe5 Ng4 18. h3 Nh6 19. Be4 g6 20. Rfd1 Nf5 21.
Rd7 Rb8 22. Ba3 Rfd8 23. Rad1 Ba8 24. g3 Nxg3 25. fxg3 Qxg3+ 26. Qg2 Qxg2+ 27.
Kxg2 Rxd7 28. Rxd7 c5 29. Kf3 Bxe4+ 30. Kxe4 Ra8 31. Bc1  1-0

[Event "2. Bundesliga West 2018/19"]
[Site "Kufstein; NMS II, Sporthalle Fischergries"]
[Date "2019.02.10"]
[Round "8"]
[Board "6"]
[White "Ritzer, Franz"]
[Black "Pali, Philipp"]
[Result "0-1"]
[WhiteElo "1822"]
[BlackElo "2071"]
[PlyCount "52"]
[EventDate "2018.10.12"]
[EventType "team"]
[EventRounds "11"]
[EventCountry "AUT"]
[WhiteTeam "Rochade Rum"]
[BlackTeam "SPG Oberland"]

1. e4 e6 2. d4 d5 3. Nd2 h6 4. c3 c5 5. exd5 exd5 6. dxc5 Bxc5 7. Nb3 Bb6 8.
Nf3 Nc6 9. Be2 Nf6 10. O-O O-O 11. Bf4 Re8 12. Qd3 Re4 13. Bg3 Bg4 14. Bd1 Qe7
15. a4 a6 16. a5 Ba7 17. Bc2 Re8 18. Nbd4 Bxd4 19. Nxd4 Nxd4 20. cxd4 Be2 21.
Qd2 Bxf1 22. Rxf1 Re1 23. Be5 Rxf1+ 24. Kxf1 Ne4 25. Qd3 f6 26. Bf4 Ng3+  0-1

[Event "2. Bundesliga West 2018/19"]
[Site "Kufstein; NMS II, Sporthalle Fischergries"]
[Date "2019.02.10"]
[Round "8"]
[Board "1"]
[White "Frank, Emanuel"]
[Black "Rotstein, Arkadij"]
[Result "0-1"]
[WhiteElo "2175"]
[BlackElo "2481"]
[PlyCount "69"]
[EventDate "2018.10.12"]
[EventType "team"]
[EventRounds "11"]
[EventCountry "AUT"]
[WhiteTeam "ASK Salzburg"]
[BlackTeam "Absam"]

1. d4 Nf6 2. c4 e6 3. g3 c5 4. d5 exd5 5. cxd5 d6 6. Nc3 g6 7. Bg2 Bg7 8. Nf3
O-O 9. O-O Re8 10. Bf4 Na6 11. Re1 Bf5 12. Nh4 Bd7 13. a4 h6 14. Nf3 g5 15. Bd2
Bf5 16. h4 g4 17. Nh2 Qd7 18. e4 Bg6 19. Bf4 Nh5 20. Qxg4 Qxg4 21. Nxg4 Nxf4
22. gxf4 Nb4 23. Ne3 Nd3 24. Nc4 Nxb2 25. Nxb2 Bxc3 26. Re2 f5 27. f3 a6 28. a5
Re7 29. Ra3 Bd4+ 30. Kh2 Rf8 31. Nc4 fxe4 32. Nxd6 e3 33. Ne4 Rxf4 34. d6 Rg7
35. Rd3  0-1

[Event "2. Bundesliga West 2018/19"]
[Site "Kufstein; NMS II, Sporthalle Fischergries"]
[Date "2019.02.10"]
[Round "8"]
[Board "2"]
[White "Lehner, Oliver"]
[Black "Burschowsky, Matthias"]
[Result "1/2-1/2"]
[WhiteElo "2399"]
[BlackElo "2227"]
[PlyCount "106"]
[EventDate "2018.10.12"]
[EventType "team"]
[EventRounds "11"]
[EventCountry "AUT"]
[WhiteTeam "Absam"]
[BlackTeam "ASK Salzburg"]

1. e4 c5 2. Nf3 g6 3. d4 cxd4 4. Qxd4 Nf6 5. Nc3 Nc6 6. Qa4 d6 7. e5 dxe5 8.
Nxe5 Qd4 9. Qxd4 Nxd4 10. Bd3 Bg7 11. Be3 Nf5 12. Bd2 O-O 13. O-O Be6 14. Rfe1
Rac8 15. a4 Rfd8 16. a5 Nd4 17. Be3 Ne8 18. f4 Bf5 19. Bxf5 gxf5 20. Bxd4 Rxd4
21. a6 Rb8 22. Nd3 e6 23. Ne2 Rc4 24. c3 Nd6 25. axb7 Rxb7 26. Red1 Ne4 27. Nb4
Bf8 28. Rd8 Kg7 29. Nd3 Be7 30. Rd4 Bc5 31. Nxc5 Rxc5 32. b4 Nxc3 33. Ng3 Rcb5
34. h3 Nd5 35. Ra6 Nxb4 36. Rad6 a5 37. Rd8 Ra7 38. Nh5+ Kh6 39. g4 fxg4 40.
hxg4 Rd5 41. Rg8 Rxh5 42. g5+ Rxg5+ 43. Rxg5 Nd5 44. Rg3 Ne7 45. Ra4 Ng6 46.
Rf3 f5 47. Re3 Ra6 48. Kf2 Kg7 49. Kf3 Ne7 50. Rc3 Kf6 51. Rc5 Rb6 52. Ra3 Nc6
53. Rac3 Ne7  1/2-1/2

[Event "2. Bundesliga West 2018/19"]
[Site "Kufstein; NMS II, Sporthalle Fischergries"]
[Date "2019.02.10"]
[Round "8"]
[Board "3"]
[White "Juergens, Klaus"]
[Black "Weinzettl, Ernst"]
[Result "1/2-1/2"]
[WhiteElo "2149"]
[BlackElo "2220"]
[PlyCount "65"]
[EventDate "2018.10.12"]
[EventType "team"]
[EventRounds "11"]
[EventCountry "AUT"]
[WhiteTeam "ASK Salzburg"]
[BlackTeam "Absam"]

1. Nf3 Nf6 2. c4 g6 3. Nc3 Bg7 4. e4 d6 5. d4 O-O 6. h3 e5 7. dxe5 dxe5 8. Be3
Qe7 9. Nd5 Nxd5 10. cxd5 Rd8 11. Qb3 c6 12. Rd1 b6 13. Bc4 b5 14. Be2 Bb7 15.
O-O cxd5 16. exd5 e4 17. d6 Qf8 18. Nh4 Nc6 19. Qxb5 Rab8 20. b3 Ba8 21. Qc5 h5
22. Bg5 f6 23. Bf4 Kh7 24. Bb5 Ne5 25. Bxe5 fxe5 26. Bc4 Rb6 27. Qc7 Rbxd6 28.
Rxd6 Qxd6 29. Qxa7 Bc6 30. Qe3 Bh6 31. Qe2 Qa3 32. Rd1 Rxd1+ 33. Qxd1  1/2-1/2

[Event "2. Bundesliga West 2018/19"]
[Site "Kufstein; NMS II, Sporthalle Fischergries"]
[Date "2019.02.10"]
[Round "8"]
[Board "4"]
[White "Deglmann, Ludwig"]
[Black "Scheiblmaier, Robert"]
[Result "1/2-1/2"]
[WhiteElo "2270"]
[BlackElo "2192"]
[PlyCount "81"]
[EventDate "2018.10.12"]
[EventType "team"]
[EventRounds "11"]
[EventCountry "AUT"]
[WhiteTeam "Absam"]
[BlackTeam "ASK Salzburg"]

1. f4 d5 2. Nf3 Nf6 3. g3 g6 4. Bg2 Bg7 5. O-O c5 6. d3 Nc6 7. c3 O-O 8. Na3
Qb6 9. Kh1 Rd8 10. Qe1 Qa6 11. c4 dxc4 12. Nxc4 Be6 13. Nfe5 Nxe5 14. Nxe5 Nd7
15. Nf3 h6 16. Nh4 Nf8 17. f5 Bd5 18. fxg6 Bxg2+ 19. Nxg2 fxg6 20. Be3 Rac8 21.
Qf2 Qd6 22. Qf7+ Kh7 23. Rf4 Qe6 24. Qxe6 Nxe6 25. Re4 Rc6 26. Rc1 Rd7 27. b4
Nd4 28. Rxc5 Rxc5 29. bxc5 Nxe2 30. Ne1 Nc3 31. Rc4 Nd5 32. Bf2 Rc7 33. Kg2 e6
34. Ra4 a6 35. Re4 Rc6 36. Nf3 Nc3 37. Rc4 Nd5 38. Kf1 Kg8 39. Ke2 Kf7 40. a4
Rc7 41. d4  1/2-1/2

[Event "2. Bundesliga West 2018/19"]
[Site "Kufstein; NMS II, Sporthalle Fischergries"]
[Date "2019.02.10"]
[Round "8"]
[Board "5"]
[White "Herrmann, Michael"]
[Black "De Francesco, Klaus"]
[Result "1/2-1/2"]
[WhiteElo "2124"]
[BlackElo "2288"]
[PlyCount "59"]
[EventDate "2018.10.12"]
[EventType "team"]
[EventRounds "11"]
[EventCountry "AUT"]
[WhiteTeam "ASK Salzburg"]
[BlackTeam "Absam"]

1. c4 e6 2. Nf3 Nf6 3. g3 b6 4. Bg2 Bb7 5. b3 Be7 6. Bb2 O-O 7. O-O d6 8. d3
Nbd7 9. Nc3 a6 10. e4 c5 11. Qe2 Qc7 12. Rac1 Rfe8 13. d4 cxd4 14. Nxd4 Nf8 15.
h3 Rad8 16. Rfd1 Qb8 17. Kh2 N6d7 18. Nc2 Bf6 19. Ne3 Nc5 20. b4 Bxc3 21. Bxc3
Nxe4 22. Bd4 Ba8 23. Qg4 e5 24. Bxe4 Bxe4 25. Qxe4 exd4 26. Qxd4 Ne6 27. Qg4
Nf8 28. Qd4 Ne6 29. Qg4 Nf8 30. Qd4  1/2-1/2

[Event "2. Bundesliga West 2018/19"]
[Site "Kufstein; NMS II, Sporthalle Fischergries"]
[Date "2019.02.10"]
[Round "8"]
[Board "6"]
[White "Gerhold, Michael"]
[Black "Wollrab, Richard"]
[Result "1-0"]
[WhiteElo "2222"]
[BlackElo "2145"]
[PlyCount "73"]
[EventDate "2018.10.12"]
[EventType "team"]
[EventRounds "11"]
[EventCountry "AUT"]
[WhiteTeam "Absam"]
[BlackTeam "ASK Salzburg"]

1. Nf3 Nf6 2. c4 g6 3. Nc3 c5 4. e4 d6 5. d4 cxd4 6. Nxd4 Nc6 7. Be2 Bg7 8. Be3
O-O 9. O-O Bd7 10. Nc2 Qa5 11. f3 Rfc8 12. Qd2 Ne5 13. b3 Bc6 14. Rac1 Qd8 15.
Rfd1 a5 16. Nd4 Ned7 17. Qe1 Qf8 18. Qd2 h5 19. Nd5 Kh7 20. Kh1 Bxd5 21. exd5
Bh6 22. f4 Nc5 23. Bf3 Nfe4 24. Qc2 Nf6 25. Re1 Ng4 26. Bxg4 hxg4 27. f5 Bg7
28. Rcd1 Be5 29. Rf1 Qg7 30. g3 Rh8 31. fxg6+ fxg6 32. Qe2 Kg8 33. Qxg4 Rh5 34.
Ne6 Qh7 35. Rd2 Nd7 36. Ng5 Nf6 37. Qe6+  1-0

[Event "2. Bundesliga West 2018/19"]
[Site "Kufstein; NMS II, Sporthalle Fischergries"]
[Date "2019.02.10"]
[Round "8"]
[Board "1"]
[White "Neuschmied, Siegfried"]
[Black "Fedorovsky, Michael"]
[Result "1/2-1/2"]
[WhiteElo "2284"]
[BlackElo "2481"]
[PlyCount "106"]
[EventDate "2018.10.12"]
[EventType "team"]
[EventRounds "11"]
[EventCountry "AUT"]
[WhiteTeam "Kufstein/Woergl"]
[BlackTeam "Jenbach 2"]

1. e4 c5 2. Nf3 Nc6 3. Bb5 g6 4. Bxc6 dxc6 5. d3 Bg7 6. h3 Nf6 7. Nc3 Nd7 8.
Be3 e5 9. Qd2 h6 10. O-O Qe7 11. Nh2 Nf8 12. f4 exf4 13. Bxf4 g5 14. Be3 Be6
15. Rae1 Ng6 16. Ne2 Qd6 17. Bf2 O-O 18. Ng3 Be5 19. Re3 h5 20. Rfe1 h4 21.
Ngf1 Bf4 22. Qc3 b6 23. Rf3 f5 24. Rxf4 Nxf4 25. Nf3 fxe4 26. Nxg5 exd3 27.
Nxe6 Nxe6 28. cxd3 Nd4 29. Qd2 Qg6 30. Bxd4 cxd4 31. Re4 Qf6 32. Rg4+ Kh8 33.
Qe1 Rf7 34. Rxh4+ Kg8 35. Nh2 Raf8 36. Nf3 c5 37. Qe4 Qf5 38. Qe2 Rg7 39. Kh2
Qf6 40. Re4 Qd6+ 41. Kh1 Qh6 42. Kh2 Qd6+ 43. Kh1 Rg3 44. Ne5 Qf6 45. Rg4+ Rxg4
46. Qxg4+ Qg7 47. Qe6+ Kh7 48. Nf3 Qg6 49. Qe7+ Kg8 50. h4 Qxd3 51. Qg5+ Kh7
52. Qe7+ Kg8 53. Qg5+ Kh7  1/2-1/2

[Event "2. Bundesliga West 2018/19"]
[Site "Kufstein; NMS II, Sporthalle Fischergries"]
[Date "2019.02.10"]
[Round "8"]
[Board "2"]
[White "Reich, Thomas"]
[Black "Blaskowski, Johannes"]
[Result "1/2-1/2"]
[WhiteElo "2360"]
[BlackElo "2301"]
[PlyCount "69"]
[EventDate "2018.10.12"]
[EventType "team"]
[EventRounds "11"]
[EventCountry "AUT"]
[WhiteTeam "Jenbach 2"]
[BlackTeam "Kufstein/Woergl"]

1. d4 Nf6 2. c4 e6 3. Nf3 b6 4. Bf4 Bb7 5. e3 Nh5 6. Bg5 Be7 7. Bxe7 Qxe7 8.
Nc3 Nf6 9. Qc2 d6 10. O-O-O Nc6 11. d5 Nb8 12. Nd4 O-O 13. g3 c5 14. Nb3 Na6
15. e4 exd5 16. exd5 Nc7 17. Bd3 Rae8 18. Bf5 g6 19. Bh3 Ba6 20. Qd3 Qe5 21.
Nd2 b5 22. cxb5 Nxb5 23. Nxb5 Bxb5 24. Qxb5 Rb8 25. Nc4 Qe2 26. Rhe1 Qxe1 27.
Rxe1 Rxb5 28. Nxd6 Rb4 29. Re7 Rd4 30. Nxf7 Nxd5 31. Rxa7 Rc4+ 32. Kb1 Re8 33.
Nh6+ Kh8 34. Nf7+ Kg8 35. Nh6+  1/2-1/2

[Event "2. Bundesliga West 2018/19"]
[Site "Kufstein; NMS II, Sporthalle Fischergries"]
[Date "2019.02.10"]
[Round "8"]
[Board "3"]
[White "Maurer, Jochen"]
[Black "Micheli, Carlo"]
[Result "0-1"]
[WhiteElo "2213"]
[BlackElo "2211"]
[PlyCount "106"]
[EventDate "2018.10.12"]
[EventType "team"]
[EventRounds "11"]
[EventCountry "AUT"]
[WhiteTeam "Kufstein/Woergl"]
[BlackTeam "Jenbach 2"]

1. e4 c5 2. Nf3 Nc6 3. Bb5 g6 4. Bxc6 dxc6 5. d3 Bg7 6. h3 Qc7 7. Nc3 e5 8. Be3
b6 9. O-O Nf6 10. Qd2 h6 11. a3 Nd7 12. b4 cxb4 13. axb4 Bb7 14. Nh2 Qd6 15.
Ne2 f5 16. exf5 gxf5 17. f4 e4 18. Rad1 exd3 19. Ng3 Rf8 20. Qxd3 Qxd3 21. Rxd3
Ba6 22. Rd6 Bxf1 23. Kxf1 Rc8 24. Nf3 c5 25. b5 Rf6 26. Rxf6 Nxf6 27. Nxf5 Bf8
28. Ne5 a6 29. Nc4 Ne4 30. bxa6 b5 31. Nb6 Rc7 32. Ke2 Ra7 33. Kf3 Nc3 34. Bd2
Rxa6 35. Bxc3 Rxb6 36. g4 b4 37. Be5 c4 38. g5 hxg5 39. fxg5 b3 40. cxb3 cxb3
41. Bb2 Kf7 42. Kg4 Rb4+ 43. Kh5 Rf4 44. Nh6+ Bxh6 45. gxh6 Kg8 46. Kg6 Rf7 47.
h4 Rc7 48. Bf6 Rb7 49. Bd4 Rd7 50. Be5 Ra7 51. Bf6 Rc7 52. h5 Ra7 53. Bb2 Ra6+
 0-1

[Event "2. Bundesliga West 2018/19"]
[Site "Kufstein; NMS II, Sporthalle Fischergries"]
[Date "2019.02.10"]
[Round "8"]
[Board "5"]
[White "Kranewitter, Norbert"]
[Black "Heinrich, Thomas"]
[Result "1/2-1/2"]
[WhiteElo "2008"]
[BlackElo "2144"]
[PlyCount "60"]
[EventDate "2018.10.12"]
[EventType "team"]
[EventRounds "11"]
[EventCountry "AUT"]
[WhiteTeam "Kufstein/Woergl"]
[BlackTeam "Jenbach 2"]

1. e4 c6 2. d4 d5 3. exd5 cxd5 4. c4 Nf6 5. Nc3 Nc6 6. Bg5 e6 7. Nf3 Be7 8. c5
a6 9. Rc1 Ne4 10. Bxe7 Qxe7 11. Bd3 Nxc3 12. Rxc3 e5 13. dxe5 O-O 14. O-O Nxe5
15. Nxe5 Qxe5 16. Re1 Qg5 17. Bc2 g6 18. Qd4 Be6 19. h4 Qh6 20. b4 Qg7 21. Rd1
Rac8 22. Bb3 Rfd8 23. Qxg7+ Kxg7 24. Rcd3 Rc7 25. a4 Rcd7 26. Rd4 h5 27. f3 f6
28. Kf2 g5 29. Rh1 g4 30. Rhd1 f5  1/2-1/2

[Event "2. Bundesliga West 2018/19"]
[Site "Kufstein; NMS II, Sporthalle Fischergries"]
[Date "2019.02.10"]
[Round "8"]
[Board "6"]
[White "Gruber, Michael"]
[Black "Maltsev, Oleg"]
[Result "1-0"]
[WhiteElo "2124"]
[BlackElo "2057"]
[PlyCount "143"]
[EventDate "2018.10.12"]
[EventType "team"]
[EventRounds "11"]
[EventCountry "AUT"]
[WhiteTeam "Jenbach 2"]
[BlackTeam "Kufstein/Woergl"]

1. e4 e6 2. d4 d5 3. Nd2 c5 4. Ngf3 cxd4 5. Nxd4 Nf6 6. exd5 Qxd5 7. c3 Bd7 8.
Qf3 a6 9. Bc4 Qe5+ 10. Be2 Nc6 11. Nc4 Qe4 12. Be3 Be7 13. Nb6 Rd8 14. Nxd7
Kxd7 15. Nxc6 Qxc6 16. O-O-O+ Bd6 17. Bf4 Kc7 18. Qxc6+ Kxc6 19. Bxd6 Rxd6 20.
Bf3+ Kc7 21. Rxd6 Kxd6 22. Bxb7 a5 23. Rd1+ Kc7 24. Bf3 Rb8 25. Kc2 Rb5 26. Rd4
Re5 27. Rc4+ Kd7 28. Kd2 h5 29. a4 g5 30. h3 g4 31. Bb7 gxh3 32. gxh3 Kd6 33.
b4 Nd7 34. Rf4 Ke7 35. Bf3 Rg5 36. h4 Re5 37. Kd3 Nb6 38. b5 Rc5 39. Bd1 Rd5+
40. Rd4 Rg5 41. f3 Rc5 42. Bb3 Rg5 43. f4 Rc5 44. Re4 Kd6 45. Kd4 Nd7 46. Kd3
Kc7 47. Rc4 Kd6 48. Rxc5 Nxc5+ 49. Kc4 Ne4 50. Bd1 Ng3 51. Bf3 Kc7 52. Kc5 f6
53. b6+ Kd7 54. c4 Nf5 55. Bxh5 Nxh4 56. Kb5 Kc8 57. c5 Ng2 58. c6 Nxf4 59. c7
Nd5 60. Bf7 Nxc7+ 61. bxc7 Kxc7 62. Bxe6 Kd6 63. Bh3 Kc7 64. Kxa5 Kb7 65. Kb5
Ka7 66. a5 Kb7 67. a6+ Ka7 68. Ka5 Ka8 69. Kb6 f5 70. a7 f4 71. Bg2+ f3 72.
Bxf3#  1-0

[Event "2. Bundesliga West 2018/19"]
[Site "Kufstein; NMS II, Sporthalle Fischergries"]
[Date "2019.02.10"]
[Round "8"]
[Board "1"]
[White "Repka, Christopher"]
[Black "Riediger, Martin"]
[Result "1-0"]
[WhiteElo "2523"]
[BlackElo "2276"]
[PlyCount "45"]
[EventDate "2018.10.12"]
[EventType "team"]
[EventRounds "11"]
[EventCountry "AUT"]
[WhiteTeam "Bregenz"]
[BlackTeam "Ranshofen"]

1. d4 Nf6 2. Nf3 g6 3. Nc3 Bg7 4. Bf4 d6 5. e4 O-O 6. Qd2 Bg4 7. Be2 Bxf3 8.
Bxf3 Nc6 9. O-O-O e5 10. dxe5 dxe5 11. Be3 Qxd2+ 12. Rxd2 h5 13. h3 Nd8 14. Be2
Ne6 15. Bc4 Rfe8 16. Rhd1 c6 17. Bxe6 Rxe6 18. Rd8+ Re8 19. Rxe8+ Rxe8 20. Bxa7
Bh6+ 21. Kb1 Bf8 22. a3 b5 23. f3  1-0

[Event "2. Bundesliga West 2018/19"]
[Site "Kufstein; NMS II, Sporthalle Fischergries"]
[Date "2019.02.10"]
[Round "8"]
[Board "2"]
[White "Ager, Josef"]
[Black "Sergeev, Vladimir"]
[Result "0-1"]
[WhiteElo "2174"]
[BlackElo "2412"]
[PlyCount "80"]
[EventDate "2018.10.12"]
[EventType "team"]
[EventRounds "11"]
[EventCountry "AUT"]
[WhiteTeam "Ranshofen"]
[BlackTeam "Bregenz"]

1. Nf3 g6 2. g3 Bg7 3. d4 c5 4. dxc5 Qa5+ 5. Nbd2 Qxc5 6. Bg2 Nf6 7. Nb3 Qc7 8.
Bf4 d6 9. O-O Nh5 10. Bc1 Nd7 11. c3 O-O 12. Nfd4 a6 13. e4 Nhf6 14. h3 Rb8 15.
Be3 b5 16. Nd2 Nb6 17. f4 e5 18. Ne2 d5 19. fxe5 Nxe4 20. Nxe4 dxe4 21. Qd6
Bxe5 22. Qxc7 Bxc7 23. b3 Nd5 24. Bd4 f5 25. Rad1 Be6 26. Nf4 Nxf4 27. gxf4
Rfd8 28. h4 h5 29. Kh2 Rd7 30. Kg3 Rbd8 31. Rc1 a5 32. Rfe1 a4 33. Bf1 Re8 34.
bxa4 bxa4 35. Rc2 a3 36. Bc5 Bd6 37. Bxd6 Rxd6 38. c4 Rb6 39. Ree2 Rb1 40. Kf2
e3+  0-1

[Event "2. Bundesliga West 2018/19"]
[Site "Kufstein; NMS II, Sporthalle Fischergries"]
[Date "2019.02.10"]
[Round "8"]
[Board "3"]
[White "Dobosz, Henryk"]
[Black "Brehovsky, Paul"]
[Result "1-0"]
[WhiteElo "2399"]
[BlackElo "2126"]
[PlyCount "65"]
[EventDate "2018.10.12"]
[EventType "team"]
[EventRounds "11"]
[EventCountry "AUT"]
[WhiteTeam "Bregenz"]
[BlackTeam "Ranshofen"]

1. d4 e6 2. c4 d5 3. Nc3 Nf6 4. Bg5 Nbd7 5. e3 c6 6. Qc2 Qa5 7. cxd5 Nxd5 8. e4
Nxc3 9. Bd2 e5 10. bxc3 Bd6 11. Nf3 O-O 12. Bd3 Qc7 13. O-O b6 14. dxe5 Bxe5
15. Rae1 Bf4 16. Bxf4 Qxf4 17. e5 Nc5 18. Bxh7+ Kh8 19. Be4 Ba6 20. c4 Rad8 21.
Re3 g6 22. Rc1 Ne6 23. Bxc6 Rc8 24. Re4 Qf5 25. Rh4+ Kg7 26. Be4 Nd4 27. Bxf5
Nxc2 28. Bxc2 Bxc4 29. Ra1 Rfd8 30. h3 Be2 31. Bb3 Rc3 32. Ng5 Bh5 33. Rf4  1-0

[Event "2. Bundesliga West 2018/19"]
[Site "Kufstein; NMS II, Sporthalle Fischergries"]
[Date "2019.02.10"]
[Round "8"]
[Board "4"]
[White "Kuecher, Wolfgang"]
[Black "Hess, Max"]
[Result "1-0"]
[WhiteElo "2124"]
[BlackElo "2326"]
[PlyCount "75"]
[EventDate "2018.10.12"]
[EventType "team"]
[EventRounds "11"]
[EventCountry "AUT"]
[WhiteTeam "Ranshofen"]
[BlackTeam "Bregenz"]

1. Nf3 Nf6 2. g3 g6 3. Bg2 Bg7 4. O-O O-O 5. c4 d6 6. d4 Nbd7 7. Nc3 e5 8. e4
exd4 9. Nxd4 Re8 10. h3 Nc5 11. Re1 Bd7 12. f3 Qc8 13. Kh2 h5 14. Be3 Nh7 15.
Qd2 a6 16. Rac1 Qb8 17. Nd5 h4 18. g4 Ne6 19. Kh1 Nhf8 20. Nxe6 Nxe6 21. f4 Bc6
22. f5 Bxd5 23. cxd5 Nc5 24. Bg5 Be5 25. Bxh4 Kg7 26. f6+ Kh7 27. Rf1 a5 28.
Qg5 b6 29. Bf2 Rh8 30. Be3 Kg8 31. h4 Qc8 32. Kg1 Kf8 33. h5 Qa6 34. Rxc5 bxc5
35. hxg6 fxg6 36. Qxg6 Bh2+ 37. Kf2 Rg8 38. Bh6+  1-0

[Event "2. Bundesliga West 2018/19"]
[Site "Kufstein; NMS II, Sporthalle Fischergries"]
[Date "2019.02.10"]
[Round "8"]
[Board "5"]
[White "Repkova, Eva"]
[Black "Stadler, Alexander"]
[Result "1-0"]
[WhiteElo "2288"]
[BlackElo "2114"]
[PlyCount "53"]
[EventDate "2018.10.12"]
[EventType "team"]
[EventRounds "11"]
[EventCountry "AUT"]
[WhiteTeam "Bregenz"]
[BlackTeam "Ranshofen"]

1. e4 e5 2. Bc4 Nf6 3. d3 c6 4. Nf3 Be7 5. O-O d6 6. a4 h6 7. h3 g5 8. Nh2 Nbd7
9. Nc3 Nc5 10. d4 Ne6 11. Nf3 Qc7 12. Be3 Nf4 13. Qd2 Rg8 14. dxe5 dxe5 15.
Rfd1 N6h5 16. Nh2 g4 17. Ne2 gxh3 18. g3 Ng2 19. Bxh6 Qb6 20. Kf1 Rg6 21. Nf3
Rf6 22. Qg5 Ne3+ 23. Kg1 h2+ 24. Kh1 Nxd1 25. Rxd1 Rd6 26. Bxf7+ Kd7 27. Nxe5+
 1-0

[Event "2. Bundesliga West 2018/19"]
[Site "Kufstein; NMS II, Sporthalle Fischergries"]
[Date "2019.02.10"]
[Round "8"]
[Board "6"]
[White "Schwarzmeier, Klaus"]
[Black "Bezler, Rainer"]
[Result "1/2-1/2"]
[WhiteElo "2187"]
[BlackElo "2207"]
[PlyCount "132"]
[EventDate "2018.10.12"]
[EventType "team"]
[EventRounds "11"]
[EventCountry "AUT"]
[WhiteTeam "Ranshofen"]
[BlackTeam "Bregenz"]

1. c4 c5 2. g3 Nf6 3. Nc3 e6 4. Nf3 b6 5. Bg2 Bb7 6. O-O Be7 7. b3 d6 8. Bb2
O-O 9. Re1 Ne4 10. Qc2 Nxc3 11. Ng5 Ne4 12. Bxe4 Bxe4 13. Qxe4 Bxg5 14. Qxa8
Qc7 15. Qe4 Bxd2 16. Red1 Bg5 17. f4 Be7 18. Rd3 Nc6 19. Rad1 Rb8 20. g4 b5 21.
Rh3 g6 22. Rdd3 bxc4 23. Rxh7 Nd4 24. Rdh3 Bf6 25. g5 Nf3+ 26. Rxf3 Bxb2 27.
Rhh3 Bd4+ 28. Kg2 c3 29. Qc2 c4 30. Rxc3 Bxc3 31. Qxc3 e5 32. fxe5 dxe5 33.
Qxc4 Qxc4 34. bxc4 Rb2 35. Rc3 Kf8 36. Kf3 Rxa2 37. c5 Ke7 38. c6 Kd8 39. Rd3+
Kc7 40. Rd7+ Kxc6 41. Rxf7 Kd5 42. Rf6 Ra3+ 43. Kf2 Rh3 44. Kg2 Rh5 45. Rxg6
Ke4 46. Rg7 Kf5 47. Rf7+ Kxg5 48. Rxa7 Kf4 49. Ra3 Rh8 50. Rf3+ Ke4 51. Rg3 Rh7
52. h3 Rh8 53. Rg5 Kf4 54. Rg3 Rh7 55. Kf2 Rh8 56. Rg4+ Kf5 57. Kg3 Ra8 58. Rb4
Ra3+ 59. Kg2 Re3 60. Rb2 Kf4 61. Rb4+ Kf5 62. Rb2 Kf4 63. Ra2 Rg3+ 64. Kh2 Re3
65. Ra4+ Kf5 66. Ra2 Kf4  1/2-1/2

[Event "2. Bundesliga West 2018/19"]
[Site "Kufstein; NMS II, Sporthalle Fischergries"]
[Date "2019.02.10"]
[Round "8"]
[Board "1"]
[White "Henrichs, Thomas"]
[Black "Kindermann, Stefan"]
[Result "1/2-1/2"]
[WhiteElo "2469"]
[BlackElo "2500"]
[PlyCount "61"]
[EventDate "2018.10.12"]
[EventType "team"]
[EventRounds "11"]
[EventCountry "AUT"]
[WhiteTeam "Hohenems II"]
[BlackTeam "Sparkasse Neumarkt"]

1. Nf3 d5 2. e3 Nf6 3. c4 e6 4. b3 Be7 5. Bb2 O-O 6. Nc3 b6 7. cxd5 exd5 8. Be2
Bb7 9. O-O Nbd7 10. Nd4 Re8 11. Bb5 c5 12. Nc6 Qc7 13. Nxe7+ Rxe7 14. d4 a6 15.
Be2 c4 16. a4 cxb3 17. Qxb3 Qc6 18. Rfc1 Qe6 19. Bf3 Ree8 20. Ne2 Rac8 21. Nf4
Qf5 22. Qd1 Nf8 23. Be2 Rxc1 24. Rxc1 Rc8 25. Nd3 Qd7 26. Qb3 Rxc1+ 27. Bxc1
Qc7 28. f3 N8d7 29. Bd2 h6 30. Nb4 Qc8 31. Qd3  1/2-1/2

[Event "2. Bundesliga West 2018/19"]
[Site "Kufstein; NMS II, Sporthalle Fischergries"]
[Date "2019.02.10"]
[Round "8"]
[Board "2"]
[White "Barseghyan, Harutyun"]
[Black "Baldauf, Marco"]
[Result "1/2-1/2"]
[WhiteElo "2466"]
[BlackElo "2472"]
[PlyCount "60"]
[EventDate "2018.10.12"]
[EventType "team"]
[EventRounds "11"]
[EventCountry "AUT"]
[WhiteTeam "Sparkasse Neumarkt"]
[BlackTeam "Hohenems II"]

1. d4 Nf6 2. Nf3 g6 3. Bg5 Bg7 4. Nbd2 O-O 5. c3 d6 6. e4 c5 7. dxc5 dxc5 8.
Bc4 Nc6 9. O-O Na5 10. Be2 Be6 11. Re1 h6 12. Bh4 Nh5 13. Qc2 Qc7 14. Nb3 Nc4
15. Nfd2 Nxd2 16. Nxd2 Nf4 17. Bf1 Rad8 18. Bg3 g5 19. Nc4 Rd7 20. a4 Rfd8 21.
Rad1 Rxd1 22. Rxd1 Rxd1 23. Qxd1 Bxc4 24. Bxc4 e6 25. h4 Kh7 26. hxg5 hxg5 27.
Kf1 Be5 28. Bxf4 gxf4 29. Ke2 Qd6 30. Qxd6 Bxd6  1/2-1/2

[Event "2. Bundesliga West 2018/19"]
[Site "Kufstein; NMS II, Sporthalle Fischergries"]
[Date "2019.02.10"]
[Round "8"]
[Board "3"]
[White "Froewis, Georg"]
[Black "Manakov, Ilya"]
[Result "1/2-1/2"]
[WhiteElo "2419"]
[BlackElo "2361"]
[PlyCount "60"]
[EventDate "2018.10.12"]
[EventType "team"]
[EventRounds "11"]
[EventCountry "AUT"]
[WhiteTeam "Hohenems II"]
[BlackTeam "Sparkasse Neumarkt"]

1. Nf3 Nf6 2. g3 g6 3. b3 Bg7 4. Bb2 O-O 5. Bg2 d5 6. c4 c6 7. O-O Bg4 8. d3
Bxf3 9. Bxf3 e6 10. Nd2 Nbd7 11. Rc1 Qe7 12. Rc2 Ne8 13. Qa1 Bxb2 14. Qxb2 a5
15. Rfc1 Nef6 16. a3 Rfe8 17. d4 h5 18. e4 dxe4 19. Nxe4 Nxe4 20. Bxe4 Red8 21.
Bg2 Nf6 22. Rd1 Rd7 23. Rcd2 Kg7 24. d5 cxd5 25. cxd5 exd5 26. Rxd5 Rad8 27.
Rxd7 Rxd7 28. Rxd7 Qxd7 29. Bf3 b6 30. Bg2 Qd6  1/2-1/2

[Event "2. Bundesliga West 2018/19"]
[Site "Kufstein; NMS II, Sporthalle Fischergries"]
[Date "2019.02.10"]
[Round "8"]
[Board "4"]
[White "De Visser, Leon"]
[Black "Hofer, Emilian"]
[Result "1/2-1/2"]
[WhiteElo "2243"]
[BlackElo "2208"]
[PlyCount "73"]
[EventDate "2018.10.12"]
[EventType "team"]
[EventRounds "11"]
[EventCountry "AUT"]
[WhiteTeam "Sparkasse Neumarkt"]
[BlackTeam "Hohenems II"]

1. Nf3 d5 2. g3 Nf6 3. Bg2 c6 4. c4 Bg4 5. Ne5 Be6 6. cxd5 Bxd5 7. Nf3 c5 8.
Nc3 Bc6 9. O-O e6 10. d3 Be7 11. e4 O-O 12. Qe2 b5 13. Ne5 Qb6 14. Bf4 a6 15.
Rac1 Bb7 16. Rfd1 Nbd7 17. Nxd7 Nxd7 18. Be3 Bf6 19. b4 Bd4 20. bxc5 Bxc5 21.
d4 Ba3 22. d5 Qa5 23. Rc2 Ne5 24. Nb1 Nc4 25. Nxa3 Qxa3 26. Bc1 Qd6 27. Bf4 e5
28. Be3 Bc8 29. f4 f6 30. Qf2 Bg4 31. Rdc1 Rfc8 32. Bf1 Nxe3 33. Qxe3 Bd7 34.
Rc5 Rxc5 35. Qxc5 Qxc5+ 36. Rxc5 Rc8 37. Rxc8+  1/2-1/2